| 000 | 00541nam a2200181 i 4500 | ||
|---|---|---|---|
| 001 | 78849 | ||
| 003 | ES-MaACL | ||
| 005 | 20230906173832.0 | ||
| 007 | t| | ||
| 008 | 041018s1965 ag ||||1| spa d | ||
| 100 | 1 |
_aHegner, H. S. _962326 |
|
| 245 | 1 | 3 |
_aEl crimen político / _cH.S. Hegner ; [traducción de Ana Mª de la Fuente]. |
| 250 | _a[1ª ed.]. | ||
| 260 |
_aBuenos Aires : _bPlaza & Janés, _c1965. |
||
| 300 |
_a468 p., 8 lám. ; _c22 cm. |
||
| 700 | 1 |
_aFuente, Ana María de la. _952831 |
|
| 852 |
_aES-MaACL _jC-27629 _bR.56778 |
||
| 999 |
_c78849 _d78849 |
||